[Event "Maresme op 16th"]
[Site "Maresme"]
[Date "2019.11.09"]
[Round "5"]
[White "Cueva Mozombite, Andy Jose"]
[Black "Llopis Jordan, Lluis"]
[Result "0-1"]
[WhiteElo "1068"]
[BlackElo "1600"]
[PlyCount "76"]
[EventDate "2019.09.29"]
[EventType "swiss"]
[EventRounds "8"]
[EventCountry "ESP"]
[SourceTitle "CBM 193 Extra"]
[Source "ChessBase"]
[SourceDate "2020.01.31"]
[SourceVersion "1"]
[SourceVersionDate "2020.01.31"]
[SourceQuality "1"]

1. e4 c6 2. Bc4 d5 3. exd5 cxd5 4. Bb5+ Bd7 5. Bxd7+ Qxd7 6. d4 Nc6 7. Nf3 g6 8. Bf4 Bg7 9. Qd2 Nf6 10. 0-0 Ne4 11. Qe3 Qf5 12. Nc3 0-0-0 13. Nxe4 dxe4 14. Nd2 Nxd4 15. Qc3+ Nc6 16. Qxg7 Qxf4 17. Nb3 Ne5 18. Nd4 Rdg8 19. Ne6 Qf5 20. Qh6 Qxe6 21. Qe3 Nc6 22. a4 Qc4 23. Rfc1 Rd8 24. b3 Qd4 25. Qf4 f5 26. c3 Qf6 27. b4 e5 28. Qe3 Rd3 29. Qc5 Qd6 30. Qc4 Qd5 31. Qxd5 Rxd5 32. c4 Rd4 33. b5 Na5 34. c5 Nb3 35. c6 Nxc1 36. Rxc1 bxc6 37. a5 Kb7 38. Rxc6 Rd1# 0-1